[Event "DEM U10 2021"]
[Site "Willingen GER"]
[Date "2021.08.23"]
[Round "2"]
[White "Vranckx, Oscar"]
[Black "Krüger, Moritz"]
[Result "1-0"]
[Termination "normal"]
[Board "20"]
[WhiteElo "1300"]
[BlackElo "1187"]
[WhiteClock "01:01:25"]
[BlackClock "00:51:10"]
[PlyCount "145"]
[WhiteFideId "34608788"]
[BlackFideId "34608923"]
[EventCountry "GER"]
[EventRounds "11"]
[EventType "swiss"]
[EventDate "2021.08.22"]

1. e4 {[%clk 01:15:58]} e6 {[%clk 01:15:53]} {[%emt 00:00:07]} 2. d3 {[%clk
01:16:23]} {[%emt 00:00:05]} d5 {[%clk 01:16:17]} {[%emt 00:00:07]} 3. Nd2
{[%clk 01:16:48]} {[%emt 00:00:06]} Nf6 {[%clk 01:16:14]} {[%emt 00:00:31]} 4.
Ngf3 {[%clk 01:17:07]} {[%emt 00:00:12]} dxe4 {[%clk 01:16:33]} {[%emt
00:00:10]} 5. dxe4 {[%clk 01:17:33]} {[%emt 00:00:05]} Bc5 {[%clk 01:16:37]}
{[%emt 00:00:25]} 6. Bd3 {[%clk 01:17:18]} {[%emt 00:00:46]} O-O {[%clk
01:16:52]} {[%emt 00:00:15]} 7. O-O {[%clk 01:17:43]} {[%emt 00:00:05]} Nc6
{[%clk 01:17:03]} {[%emt 00:00:19]} 8. Nb3 {[%clk 01:17:56]} {[%emt 00:00:18]}
Bb6 {[%clk 01:17:20]} {[%emt 00:00:12]} 9. c3 {[%clk 01:18:02]} {[%emt
00:00:25]} e5 {[%clk 01:17:10]} {[%emt 00:00:39]} 10. a4 {[%clk 01:18:01]}
{[%emt 00:00:30]} a5 {[%clk 01:17:26]} {[%emt 00:00:16]} 11. Bg5 {[%clk
01:18:08]} {[%emt 00:00:22]} Be6 {[%clk 01:17:39]} {[%emt 00:00:17]} 12. Nc1
{[%clk 01:17:25]} {[%emt 00:01:14]} h6 {[%clk 01:16:38]} {[%emt 00:01:29]} 13.
Bh4 {[%clk 01:17:48]} {[%emt 00:00:08]} Bg4 {[%clk 01:16:34]} {[%emt 00:00:34]}
14. h3 {[%clk 01:16:41]} {[%emt 00:01:37]} Bh5 {[%clk 01:16:22]} {[%emt
00:00:41]} 15. g4 {[%clk 01:16:05]} {[%emt 00:01:08]} Bg6 {[%emt 00:00:07]} 16.
Qe2 {[%emt 00:01:16]} Bc5 {[%clk 01:15:06]} {[%emt 00:00:22]} 17. Nb3 {[%clk
01:14:54]} {[%emt 00:01:42]} Be7 {[%clk 01:15:22]} {[%emt 00:00:11]} 18. Rad1
{[%clk 01:14:40]} {[%emt 00:00:46]} Qc8 {[%clk 01:14:49]} {[%emt 00:01:03]} 19.
Nbd2 {[%clk 01:13:49]} {[%emt 00:01:22]} Qe6 {[%clk 01:14:56]} {[%emt
00:00:21]} 20. Bc4 {[%clk 01:13:56]} {[%emt 00:00:24]} Qc8 {[%clk 01:14:47]}
{[%emt 00:00:37]} 21. Bg3 {[%clk 01:14:04]} {[%emt 00:00:24]} Nd7 {[%clk
01:14:33]} {[%emt 00:00:42]} 22. Bd5 {[%clk 01:10:21]} {[%emt 00:04:15]} Bd6
{[%clk 01:14:33]} {[%emt 00:00:29]} 23. Nc4 {[%clk 01:10:38]} {[%emt 00:00:14]}
Ne7 {[%emt 00:00:54]} 24. Ncxe5 {[%emt 00:01:03]} Nxe5 {[%emt 00:00:43]} 25.
Bxe5 {[%emt 00:00:43]} Nxd5 {[%clk 01:11:05]} {[%emt 00:00:34]} 26. Rxd5 {[%clk
01:10:29]} {[%emt 00:00:39]} Qe6 {[%clk 01:11:04]} {[%emt 00:00:30]} 27. Bxd6
{[%clk 01:10:07]} {[%emt 00:00:55]} cxd6 {[%clk 01:11:19]} {[%emt 00:00:14]}
28. Nd4 {[%clk 01:08:37]} {[%emt 00:01:59]} Qxe4 {[%clk 01:11:14]} {[%emt
00:00:20]} 29. Qxe4 {[%clk 01:07:41]} {[%emt 00:01:43]} Bxe4 {[%clk 01:10:55]}
{[%emt 00:00:47]} 30. Rxd6 {[%clk 01:07:33]} {[%emt 00:00:39]} Rad8 {[%clk
01:10:24]} {[%emt 00:01:01]} 31. Rxd8 {[%clk 01:06:32]} {[%emt 00:01:32]} Rxd8
{[%clk 01:10:45]} {[%emt 00:00:08]} 32. Re1 {[%clk 01:06:35]} {[%emt 00:00:27]}
Bd5 {[%clk 01:10:53]} {[%emt 00:00:21]} 33. Nf5 {[%clk 01:06:55]} {[%emt
00:00:10]} Bb3 {[%clk 01:10:56]} {[%emt 00:00:26]} 34. Re7 {[%clk 01:06:57]}
{[%emt 00:00:29]} Bxa4 {[%clk 01:10:22]} {[%emt 00:01:04]} 35. Rxb7 {[%clk
01:06:57]} {[%emt 00:00:31]} Rd1+ {[%clk 01:10:40]} {[%emt 00:00:11]} 36. Kh2
{[%clk 01:07:13]} {[%emt 00:00:14]} Rh1+ {[%clk 01:10:55]} {[%emt 00:00:15]}
37. Kg3 {[%clk 01:06:23]} {[%emt 00:01:21]} g5 {[%clk 01:07:09]} {[%emt
00:04:15]} 38. b3 {[%clk 01:06:12]} {[%emt 00:00:43]} Bc6 {[%clk 01:04:25]}
{[%emt 00:03:11]} 39. Ne7+ {[%clk 01:06:36]} {[%emt 00:00:07]} Kg7 {[%clk
01:03:58]} {[%emt 00:00:56]} 40. Nxc6 {[%clk 01:06:56]} {[%emt 00:00:12]} Rc1
{[%clk 01:04:08]} {[%emt 00:00:19]} 41. c4 {[%clk 01:07:14]} {[%emt 00:00:13]}
Kg6 {[%clk 01:03:38]} {[%emt 00:00:59]} 42. Nxa5 {[%clk 01:07:25]} {[%emt
00:00:21]} Rg1+ {[%clk 01:02:32]} {[%emt 00:01:35]} 43. Kf3 {[%clk 01:07:36]}
{[%emt 00:00:19]} Rh1 {[%clk 01:02:39]} {[%emt 00:00:22]} 44. Kg2 {[%clk
01:07:58]} {[%emt 00:00:09]} Ra1 {[%emt 00:00:09]} 45. Nc6 {[%emt 00:00:07]}
Ra6 {[%emt 00:01:03]} 46. Ne5+ {[%emt 00:00:19]} Kf6 {[%clk 01:01:02]} {[%emt
00:00:28]} 47. Rb6+ {[%clk 01:08:20]} {[%emt 00:00:09]} Rxb6 {[%clk 01:01:23]}
{[%emt 00:00:10]} 48. Nd7+ {[%clk 01:08:44]} {[%emt 00:00:06]} Ke6 {[%clk
01:01:34]} {[%emt 00:00:18]} 49. Nxb6 {[%clk 01:08:57]} {[%emt 00:00:16]} Kd6
{[%clk 01:01:56]} {[%emt 00:00:08]} 50. Nd5 {[%clk 01:09:12]} {[%emt 00:00:15]}
Kc5 {[%emt 00:00:26]} 51. Ne7 {[%emt 00:00:03]} Kd6 {[%emt 00:00:55]} 52. Nf5+
{[%emt 00:01:06]} Kc5 {[%clk 00:53:19]} {[%emt 00:06:38]} 53. Nxh6 {[%clk
01:04:53]} {[%emt 00:04:49]} f6 {[%clk 00:51:58]} {[%emt 00:00:08]} 54. f4
{[%clk 01:04:02]} {[%emt 00:03:04]} Kd4 {[%clk 00:51:25]} {[%emt 00:00:54]} 55.
fxg5 {[%clk 01:04:09]} {[%emt 00:00:31]} fxg5 {[%clk 00:51:46]} {[%emt
00:00:09]} 56. Nf7 {[%clk 01:04:16]} {[%emt 00:00:23]} Kc5 {[%clk 00:50:09]}
{[%emt 00:00:18]} 57. Nxg5 {[%clk 01:04:31]} {[%emt 00:02:04]} Kb4 {[%clk
00:50:32]} {[%emt 00:00:07]} 58. Ne4 {[%clk 01:04:47]} {[%emt 00:00:15]} Ka5
{[%clk 00:50:47]} {[%emt 00:00:14]} 59. c5 {[%clk 01:05:15]} {[%emt 00:00:02]}
Kb5 {[%clk 00:51:01]} {[%emt 00:00:17]} 60. b4 {[%clk 01:05:07]} {[%emt
00:00:38]} Kc6 {[%clk 00:51:22]} {[%emt 00:00:08]} 61. Nc3 {[%clk 01:02:51]}
{[%emt 00:02:46]} Kc7 {[%clk 00:50:24]} {[%emt 00:01:28]} 62. b5 {[%clk
01:02:24]} {[%emt 00:00:57]} Kb7 {[%clk 00:50:46]} {[%emt 00:00:07]} 63. h4
{[%emt 00:01:44]} Kc7 {[%emt 00:00:08]} 64. h5 {[%clk 01:00:42]} {[%emt
00:00:22]} Kd7 {[%clk 00:51:09]} {[%emt 00:00:07]} 65. b6 {[%clk 01:01:08]}
{[%emt 00:00:05]} Kc6 {[%clk 00:51:33]} {[%emt 00:00:04]} 66. h6 {[%clk
01:01:35]} {[%emt 00:00:04]} Kxc5 {[%clk 00:51:51]} {[%emt 00:00:12]} 67. b7
{[%clk 01:01:58]} {[%emt 00:00:07]} Kd4 {[%emt 00:00:21]} 68. h7 {[%emt
00:00:06]} Kd3 {[%clk 00:51:33]} {[%emt 00:00:20]} 69. h8=Q {[%emt 00:00:09]}
Kc2 {[%emt 00:00:10]} 70. b8=Q {[%emt 00:00:05]} Kd3 {[%emt 00:00:11]} 71. Qb4
{[%clk 01:01:25]} {[%emt 00:00:29]} Kc2 {[%emt 00:00:19]} 72. Qd8 {[%emt
00:00:24]} Kc1 {[%clk 00:51:10]} {[%emt 00:00:10]} 73. Qd1# {[%emt 00:00:06]}
1-0

[Event "DEM U10 2021"]
[Site "Willingen GER"]
[Date "2021.08.23"]
[Round "2"]
[White "He, Saiqi"]
[Black "Fettig, Michel"]
[Result "1/2-1/2"]
[Termination "normal"]
[Board "21"]
[WhiteElo "1188"]
[BlackElo "1297"]
[WhiteClock "00:38:28"]
[BlackClock "00:48:36"]
[PlyCount "55"]
[WhiteFideId "16292723"]
[BlackFideId "34608982"]
[EventCountry "GER"]
[EventRounds "11"]
[EventType "swiss"]
[EventDate "2021.08.22"]

1. e4 {[%clk 01:15:58]} e6 {[%clk 01:15:59]} {[%emt 00:00:02]} 2. c4 {[%clk
01:16:20]} {[%emt 00:00:09]} Ne7 {[%clk 01:16:09]} {[%emt 00:00:19]} 3. Nc3
{[%clk 01:16:22]} {[%emt 00:00:28]} d5 {[%clk 01:16:23]} {[%emt 00:00:16]} 4.
exd5 {[%clk 01:15:44]} {[%emt 00:01:09]} exd5 {[%clk 01:16:51]} {[%emt
00:00:02]} 5. d4 {[%clk 01:15:52]} {[%emt 00:00:21]} Be6 {[%clk 01:16:27]}
{[%emt 00:00:52]} 6. Qb3 {[%clk 01:15:04]} {[%emt 00:01:20]} b6 {[%clk
01:16:41]} {[%emt 00:00:17]} 7. Nf3 {[%clk 01:15:10]} {[%emt 00:00:23]} Nbc6
{[%clk 01:17:03]} {[%emt 00:00:08]} 8. Be3 {[%clk 01:14:20]} {[%emt 00:01:20]}
Na5 {[%clk 01:16:07]} {[%emt 00:01:27]} 9. Qd1 {[%clk 01:13:13]} {[%emt
00:01:35]} Nf5 {[%clk 01:14:56]} {[%emt 00:01:42]} 10. cxd5 {[%clk 01:09:35]}
{[%emt 00:04:08]} Nxe3 {[%clk 01:13:21]} {[%emt 00:02:05]} 11. fxe3 {[%clk
01:09:34]} {[%emt 00:00:30]} Bxd5 {[%clk 01:09:55]} {[%emt 00:03:57]} 12. Nxd5
{[%clk 01:06:25]} {[%emt 00:03:39]} Qxd5 {[%clk 01:09:23]} {[%emt 00:01:02]}
13. Qa4+ {[%clk 01:02:08]} {[%emt 00:04:47]} c6 {[%clk 01:06:05]} {[%emt
00:03:47]} 14. Bd3 {[%clk 00:58:30]} {[%emt 00:04:09]} Bd6 {[%clk 01:04:19]}
{[%emt 00:02:16]} 15. O-O {[%emt 00:02:29]} O-O {[%clk 01:01:56]} {[%emt
00:02:46]} 16. Qc2 {[%clk 00:53:24]} {[%emt 00:03:44]} h6 {[%clk 00:55:54]}
{[%emt 00:06:33]} 17. a3 {[%clk 00:51:05]} {[%emt 00:02:49]} c5 {[%clk
00:49:21]} {[%emt 00:07:03]} 18. Be4 {[%clk 00:51:05]} {[%emt 00:00:28]} Qe6
{[%clk 00:48:57]} {[%emt 00:00:54]} 19. Bxa8 {[%clk 00:48:22]} {[%emt
00:03:14]} Qxe3+ {[%clk 00:48:48]} {[%emt 00:00:38]} 20. Qf2 {[%clk 00:47:42]}
{[%emt 00:01:10]} Qxf2+ {[%clk 00:48:54]} {[%emt 00:00:25]} 21. Kxf2 {[%clk
00:46:52]} {[%emt 00:01:20]} Rxa8 {[%clk 00:49:18]} {[%emt 00:00:06]} 22. dxc5
{[%clk 00:46:07]} {[%emt 00:01:15]} Bxc5+ {[%clk 00:49:33]} {[%emt 00:00:15]}
23. Kg3 {[%clk 00:46:09]} {[%emt 00:00:27]} Nc4 {[%clk 00:49:19]} {[%emt
00:00:45]} 24. b4 {[%clk 00:44:12]} {[%emt 00:02:27]} Ne3 {[%clk 00:48:38]}
{[%emt 00:01:11]} 25. bxc5 {[%clk 00:43:20]} {[%emt 00:01:22]} Nxf1+ {[%clk
00:48:56]} {[%emt 00:00:12]} 26. Rxf1 {[%clk 00:43:44]} {[%emt 00:00:05]} bxc5
{[%clk 00:49:03]} {[%emt 00:00:24]} 27. Ne5 {[%clk 00:40:39]} {[%emt 00:03:35]}
f6 {[%clk 00:48:36]} {[%emt 00:00:57]} 28. Nf3 {[%clk 00:38:28]} {[%emt
00:02:42]} 1/2-1/2

[Event "DEM U10 2021"]
[Site "Willingen GER"]
[Date "2021.08.23"]
[Round "2"]
[White "Teng, David"]
[Black "Gavrylyuk, Oleksandr"]
[Result "1/2-1/2"]
[Termination "normal"]
[Board "22"]
[WhiteElo "1380"]
[BlackElo "1151"]
[WhiteClock "00:12:46"]
[BlackClock "00:45:28"]
[PlyCount "127"]
[WhiteFideId "34604570"]
[BlackFideId "34609083"]
[EventCountry "GER"]
[EventRounds "11"]
[EventType "swiss"]
[EventDate "2021.08.22"]

1. e4 {[%clk 01:15:59]} c5 {[%clk 01:15:56]} {[%emt 00:00:05]} 2. Nf3 {[%clk
01:16:23]} {[%emt 00:00:06]} Nc6 {[%clk 01:16:17]} {[%emt 00:00:09]} 3. d4
{[%clk 01:16:47]} {[%emt 00:00:06]} cxd4 {[%clk 01:16:42]} {[%emt 00:00:04]} 4.
Nxd4 {[%clk 01:17:10]} {[%emt 00:00:07]} g6 {[%clk 01:17:08]} {[%emt 00:00:04]}
5. Nc3 {[%clk 01:14:54]} {[%emt 00:02:47]} Bg7 {[%clk 01:17:30]} {[%emt
00:00:07]} 6. Be3 {[%clk 01:15:16]} {[%emt 00:00:08]} Nf6 {[%clk 01:17:52]}
{[%emt 00:00:08]} 7. Bc4 {[%clk 01:15:34]} {[%emt 00:00:12]} Qa5 {[%clk
01:18:15]} {[%emt 00:00:07]} 8. O-O {[%clk 01:15:55]} {[%emt 00:00:10]} O-O
{[%clk 01:18:24]} {[%emt 00:00:20]} 9. Bb3 {[%clk 01:16:17]} {[%emt 00:00:08]}
d6 {[%clk 01:18:35]} {[%emt 00:00:20]} 10. Re1 {[%clk 01:15:51]} {[%emt
00:00:56]} Bd7 {[%clk 01:18:01]} {[%emt 00:01:03]} 11. Nd5 {[%clk 01:15:57]}
{[%emt 00:00:24]} Rfe8 {[%clk 01:15:51]} {[%emt 00:02:39]} 12. Bd2 {[%clk
01:15:08]} {[%emt 00:01:21]} Qd8 {[%clk 01:13:13]} {[%emt 00:03:06]} 13. Bc3
{[%clk 01:15:09]} {[%emt 00:00:30]} Nxd4 {[%clk 01:12:16]} {[%emt 00:01:27]}
14. Bxd4 {[%clk 01:13:51]} {[%emt 00:01:48]} Bc6 {[%clk 01:11:57]} {[%emt
00:00:49]} 15. Nxf6+ {[%clk 01:11:21]} {[%emt 00:03:00]} exf6 {[%clk 01:10:30]}
{[%emt 00:01:57]} 16. f3 {[%clk 01:10:44]} {[%emt 00:01:06]} Qd7 {[%clk
01:07:32]} {[%emt 00:03:29]} 17. Qd2 {[%clk 01:08:58]} {[%emt 00:02:17]} d5
{[%clk 01:07:14]} {[%emt 00:00:48]} 18. exd5 {[%clk 01:08:34]} {[%emt
00:00:52]} Bxd5 {[%clk 01:07:23]} {[%emt 00:00:21]} 19. Rad1 {[%clk 01:06:18]}
{[%emt 00:02:47]} Bxb3 {[%clk 01:07:19]} {[%emt 00:00:35]} 20. axb3 {[%clk
01:06:31]} {[%emt 00:00:17]} a6 {[%clk 01:06:11]} {[%emt 00:01:37]} 21. Qc3
{[%clk 01:02:11]} {[%emt 00:04:50]} Rac8 {[%clk 01:04:27]} {[%emt 00:02:15]}
22. Qb4 {[%clk 00:57:29]} {[%emt 00:05:12]} Rxc2 {[%clk 01:03:44]} {[%emt
00:01:12]} 23. Bc3 {[%clk 00:56:43]} {[%emt 00:01:16]} Rxe1+ {[%clk 00:59:51]}
{[%emt 00:04:23]} 24. Rxe1 {[%clk 00:56:26]} {[%emt 00:00:47]} f5 {[%clk
00:59:30]} {[%emt 00:00:52]} 25. Bxg7 {[%clk 00:53:10]} {[%emt 00:03:44]} Kxg7
{[%clk 00:59:13]} {[%emt 00:00:47]} 26. Qa5 {[%clk 00:52:23]} {[%emt 00:01:18]}
Qd4+ {[%clk 00:57:10]} {[%emt 00:02:33]} 27. Kh1 {[%emt 00:02:12]} Qxb2 {[%clk
00:55:25]} {[%emt 00:02:11]} 28. Qd8 {[%clk 00:42:24]} {[%emt 00:08:47]} Rxg2
{[%clk 00:54:12]} {[%emt 00:01:45]} 29. Qh4 {[%clk 00:42:26]} {[%emt 00:00:30]}
Qf2 {[%clk 00:54:15]} {[%emt 00:00:28]} 30. Qxf2 {[%clk 00:39:38]} {[%emt
00:03:17]} Rxf2 {[%clk 00:54:14]} {[%emt 00:00:31]} 31. Re7 {[%clk 00:39:13]}
{[%emt 00:00:55]} Rxf3 {[%clk 00:53:49]} {[%emt 00:00:55]} 32. Rxb7 {[%clk
00:39:20]} {[%emt 00:00:23]} Rc3 {[%clk 00:52:32]} {[%emt 00:01:46]} 33. Kg2
{[%clk 00:38:35]} {[%emt 00:01:16]} f4 {[%clk 00:52:34]} {[%emt 00:00:28]} 34.
Rb4 {[%clk 00:37:59]} {[%emt 00:01:06]} g5 {[%clk 00:52:00]} {[%emt 00:01:04]}
35. Ra4 {[%clk 00:35:15]} {[%emt 00:03:14]} Rxb3 {[%clk 00:52:11]} {[%emt
00:00:19]} 36. Rxa6 {[%clk 00:35:38]} {[%emt 00:00:06]} g4 {[%clk 00:51:45]}
{[%emt 00:00:56]} 37. Ra4 {[%clk 00:35:55]} {[%emt 00:00:14]} Rf3 {[%clk
00:51:55]} {[%emt 00:00:20]} 38. Ra5 {[%clk 00:30:09]} {[%emt 00:06:16]} Kg6
{[%clk 00:51:46]} {[%emt 00:00:39]} 39. h4 {[%clk 00:30:01]} {[%emt 00:00:36]}
Rh3 {[%emt 00:06:35]} 40. Rg5+ {[%clk 00:25:17]} {[%emt 00:00:23]} Kf6 {[%clk
00:49:54]} {[%emt 00:01:10]} 41. Rxg4 {[%clk 00:24:33]} {[%emt 00:01:14]} Ra3
{[%clk 00:49:56]} {[%emt 00:00:27]} 42. Rxf4+ {[%clk 00:24:34]} {[%emt
00:00:30]} Kg7 {[%clk 00:50:12]} {[%emt 00:00:14]} 43. Rg4+ {[%clk 00:24:03]}
{[%emt 00:01:01]} Kh8 {[%clk 00:50:17]} {[%emt 00:00:24]} 44. Rf4 {[%clk
00:24:12]} {[%emt 00:00:22]} Ra7 {[%clk 00:50:24]} {[%emt 00:01:19]} 45. Kg3
{[%clk 00:24:22]} {[%emt 00:00:22]} Kg7 {[%clk 00:50:38]} {[%emt 00:00:18]} 46.
Kg4 {[%clk 00:24:06]} {[%emt 00:00:46]} Ra3 {[%clk 00:49:52]} {[%emt 00:01:16]}
47. h5 {[%clk 00:23:24]} {[%emt 00:01:11]} f6 {[%clk 00:49:43]} {[%emt
00:00:40]} 48. Kf5 {[%clk 00:18:23]} {[%emt 00:05:31]} Ra5+ {[%clk 00:49:58]}
{[%emt 00:00:15]} 49. Kg4 {[%clk 00:18:18]} {[%emt 00:00:35]} Rg5+ {[%clk
00:48:53]} {[%emt 00:01:34]} 50. Kh4 {[%clk 00:17:22]} {[%emt 00:01:27]} Kf7
{[%clk 00:49:15]} {[%emt 00:00:08]} 51. Rf3 {[%clk 00:16:29]} {[%emt 00:01:21]}
Ke6 {[%clk 00:47:43]} {[%emt 00:03:06]} 52. Rf4 {[%clk 00:17:17]} {[%emt
00:00:37]} h6 {[%clk 00:47:54]} {[%emt 00:00:22]} 53. Ra4 {[%clk 00:16:19]}
{[%emt 00:01:27]} Ke5 {[%clk 00:47:29]} {[%emt 00:00:56]} 54. Ra5+ {[%clk
00:16:37]} {[%emt 00:00:12]} Kd4 {[%clk 00:47:45]} {[%emt 00:00:13]} 55. Ra4+
{[%clk 00:17:03]} {[%emt 00:00:06]} Kc3 {[%clk 00:47:56]} {[%emt 00:00:19]} 56.
Ra3+ {[%clk 00:17:07]} {[%emt 00:00:26]} Kb4 {[%clk 00:48:18]} {[%emt
00:00:08]} 57. Ra6 {[%clk 00:17:23]} {[%emt 00:00:14]} Rf5 {[%clk 00:48:15]}
{[%emt 00:00:30]} 58. Kg4 {[%clk 00:17:38]} {[%emt 00:00:16]} Rf1 {[%clk
00:48:12]} {[%emt 00:00:35]} 59. Kg3 {[%clk 00:16:55]} {[%emt 00:01:12]} Kb5
{[%clk 00:47:54]} {[%emt 00:00:44]} 60. Re6 {[%clk 00:16:19]} {[%emt 00:01:10]}
Kc5 {[%clk 00:48:12]} {[%emt 00:00:12]} 61. Kg2 {[%clk 00:16:00]} {[%emt
00:00:49]} Rf5 {[%clk 00:48:04]} {[%emt 00:00:37]} 62. Kg3 {[%clk 00:14:35]}
{[%emt 00:01:55]} Kd5 {[%clk 00:47:47]} {[%emt 00:00:45]} 63. Ra6 {[%clk
00:14:32]} {[%emt 00:00:36]} Rg5+ {[%clk 00:45:28]} {[%emt 00:02:48]} 64. Kf4
{[%clk 00:12:46]} {[%emt 00:02:17]} 1/2-1/2

[Event "DEM U10 2021"]
[Site "Willingen GER"]
[Date "2021.08.23"]
[Round "2"]
[White "Dodul, Arthur"]
[Black "Prashanthakumar, Arju"]
[Result "0-1"]
[Termination "normal"]
[Board "24"]
[WhiteElo "1285"]
[BlackElo "953"]
[WhiteClock "00:02:51"]
[BlackClock "00:16:34"]
[PlyCount "88"]
[WhiteFideId "34609016"]
[BlackFideId "34604065"]
[EventCountry "GER"]
[EventRounds "11"]
[EventType "swiss"]
[EventDate "2021.08.22"]

1. e4 {[%emt 00:00:07]} e5 {[%clk 01:15:52]} {[%emt 00:00:06]} 2. Nf3 {[%clk
01:15:44]} {[%emt 00:00:41]} Nc6 {[%clk 01:15:56]} {[%emt 00:00:25]} 3. Bc4
{[%clk 01:15:20]} {[%emt 00:00:54]} Bc5 {[%clk 01:15:37]} {[%emt 00:00:49]} 4.
c3 {[%clk 01:14:55]} {[%emt 00:00:56]} Nf6 {[%clk 01:15:11]} {[%emt 00:00:56]}
5. d3 {[%clk 01:12:26]} {[%emt 00:02:59]} h6 {[%clk 01:12:41]} {[%emt
00:02:59]} 6. b4 {[%clk 01:11:39]} {[%emt 00:01:18]} Bb6 {[%clk 01:11:38]}
{[%emt 00:01:33]} 7. O-O {[%clk 01:10:29]} {[%emt 00:01:40]} d6 {[%clk
01:10:48]} {[%emt 00:01:19]} 8. Qe2 {[%clk 01:09:39]} {[%emt 00:01:22]} O-O
{[%clk 01:09:33]} {[%emt 00:01:44]} 9. Be3 {[%clk 01:07:14]} {[%emt 00:02:55]}
Be6 {[%clk 01:07:47]} {[%emt 00:02:16]} 10. Bxe6 {[%clk 01:05:30]} {[%emt
00:02:14]} fxe6 {[%clk 01:08:04]} {[%emt 00:00:13]} 11. Bxb6 {[%clk 01:03:40]}
{[%emt 00:02:20]} axb6 {[%clk 01:07:54]} {[%emt 00:00:40]} 12. Nbd2 {[%clk
01:01:40]} {[%emt 00:02:27]} Qe7 {[%clk 01:04:21]} {[%emt 00:04:05]} 13. Rfc1
{[%clk 01:00:00]} {[%emt 00:02:11]} Qf7 {[%clk 01:02:28]} {[%emt 00:02:23]} 14.
Nf1 {[%clk 00:56:34]} {[%emt 00:03:55]} Ne7 {[%clk 01:00:03]} {[%emt 00:02:56]}
15. Ng3 {[%emt 00:04:40]} Ng6 16. h3 {[%clk 00:52:06]} {[%emt 00:01:23]} Nf4
{[%clk 01:00:04]} {[%emt 00:00:24]} 17. Qd2 {[%clk 00:49:07]} {[%emt 00:03:29]}
N6h5 {[%clk 00:58:15]} {[%emt 00:02:19]} 18. Nh2 {[%clk 00:46:25]} {[%emt
00:03:10]} Rae8 {[%clk 00:55:10]} {[%emt 00:03:37]} 19. Ng4 {[%clk 00:44:18]}
{[%emt 00:02:36]} Nf6 {[%clk 00:50:26]} {[%emt 00:05:14]} 20. Nxf6+ {[%clk
00:40:46]} {[%emt 00:04:03]} Qxf6 {[%clk 00:50:34]} {[%emt 00:00:22]} 21. a4
{[%clk 00:39:26]} {[%emt 00:01:49]} Qg6 {[%clk 00:43:59]} {[%emt 00:07:03]} 22.
a5 {[%clk 00:37:02]} {[%emt 00:02:57]} bxa5 {[%clk 00:44:18]} {[%emt 00:00:12]}
23. Rxa5 {[%clk 00:36:20]} {[%emt 00:01:11]} h5 {[%clk 00:44:31]} {[%emt
00:00:17]} 24. h4 {[%clk 00:31:52]} {[%emt 00:04:57]} Qg4 {[%clk 00:44:27]}
{[%emt 00:00:34]} 25. Ra7 {[%emt 00:01:24]} Qxh4 {[%clk 00:44:25]} {[%emt
00:00:30]} 26. Nf1 {[%clk 00:27:54]} {[%emt 00:03:35]} Qg5 {[%clk 00:44:38]}
{[%emt 00:00:17]} 27. f3 {[%clk 00:26:29]} {[%emt 00:01:57]} Rf6 {[%clk
00:41:02]} {[%emt 00:04:05]} 28. Rc2 {[%clk 00:25:35]} {[%emt 00:01:25]} h4
{[%clk 00:39:35]} {[%emt 00:01:58]} 29. Rxb7 {[%clk 00:23:32]} {[%emt
00:02:33]} h3 {[%clk 00:38:53]} {[%emt 00:01:10]} 30. g4 {[%clk 00:22:34]}
{[%emt 00:01:29]} Rh6 {[%clk 00:33:23]} {[%emt 00:05:57]} 31. Nh2 {[%clk
00:21:08]} {[%emt 00:01:58]} Qh4 {[%clk 00:30:22]} {[%emt 00:03:32]} 32. Qf2
{[%clk 00:18:42]} {[%emt 00:02:52]} Qg5 {[%clk 00:30:29]} {[%emt 00:00:26]} 33.
Rd2 {[%clk 00:17:04]} {[%emt 00:02:08]} Ra8 {[%clk 00:28:48]} {[%emt 00:02:09]}
34. Rd1 {[%clk 00:16:03]} {[%emt 00:01:32]} Nxd3 {[%clk 00:26:55]} {[%emt
00:02:25]} 35. Qe2 {[%clk 00:11:14]} {[%emt 00:05:19]} Qh4 {[%clk 00:19:32]}
{[%emt 00:07:52]} 36. Rxd3 {[%clk 00:07:48]} {[%emt 00:03:57]} Qg3+ {[%clk
00:19:39]} {[%emt 00:00:22]} 37. Kh1 {[%clk 00:06:46]} {[%emt 00:01:31]} Ra1+
{[%clk 00:19:54]} {[%emt 00:00:17]} 38. Nf1 {[%clk 00:06:46]} {[%emt 00:00:28]}
h2 {[%clk 00:17:34]} {[%emt 00:02:51]} 39. Rb8+ {[%clk 00:04:58]} {[%emt
00:02:18]} Kh7 {[%clk 00:17:12]} {[%emt 00:00:52]} 40. Rh8+ {[%clk 00:02:03]}
{[%emt 00:03:25]} Kxh8 {[%clk 00:17:31]} {[%emt 00:00:10]} 41. Qg2 {[%clk
00:02:03]} {[%emt 00:00:30]} Qxg2+ {[%clk 00:17:44]} {[%emt 00:00:18]} 42. Kxg2
{[%clk 00:02:30]} {[%emt 00:00:02]} h1=Q+ {[%clk 00:16:00]} {[%emt 00:00:10]}
43. Kf2 {[%clk 00:02:52]} {[%emt 00:02:12]} Qxf1+ {[%clk 00:16:21]} {[%emt
00:00:09]} 44. Kg3 {[%clk 00:02:51]} {[%emt 00:00:32]} Qg1# {[%clk 00:16:34]}
{[%emt 00:00:17]} 0-1